=LDR 00000nam 2200000 4500 =001 INLIS000000000029418 =005 20200929073029 =035 ##$$a 0010-061300000029418 =008 200929################g##########0#ind## =082 ##$$a 306.598 12 =090 ##$$a 306.598 12, Lin l =245 ##$$a Lingkungan budaya pada masyarakat perumahan rakyat daerah Sumatra Utara =260 ##$$a Jakarta :$b Depdikbud,$c 1998 =300 ##$$a 119 hlm, ; $c 14 x 21 cm =650 #4$$a Kebudyaan Sumatra barat =850 ##$$a NBPNMAT =084 ##$$a 306.598 12 LIN =700 #$$a Ahmad Musim Ranggo =990 ##$$a 137.220/Hd.98 =990 ##$$a 3199800557